[Event "Calvia Amateur Open"]
[Site "Mallorca"]
[Date "2008.10.16"]
[Round "7.8"]
[White "Garcia Del Rey, Senen"]
[Black "Juan Mas, Santiago"]
[Result "1-0"]
[WhiteElo "2295"]
[BlackElo "2095"]
[PlyCount "57"]
[EventDate "2008.10.10"]
[EventType "swiss"]
[EventRounds "9"]
[EventCountry "ESP"]

1. e4 Nc6 2. d4 e5 3. d5 Nce7 4. Nc3 Ng6 5. Be3 Bb4 6. Nge2 Nf6 7. f3 d6 8. Qd3
c6 9. O-O-O Bxc3 10. Nxc3 c5 11. g4 a6 12. h4 h5 13. g5 Nd7 14. Ne2 Qe7 15. Ng3
Nf4 16. Qd2 g6 17. Bxf4 exf4 18. Qxf4 O-O 19. Qd2 Ne5 20. Be2 b5 21. f4 Nc4 22.
Bxc4 bxc4 23. Qc3 Bg4 24. Rde1 Rab8 25. e5 Rb6 26. Ne4 dxe5 27. Nf6+ Kg7 28.
Rxe5 Qb7 29. Nxg4 1-0

[Event "Calvia Amateur Open"]
[Site "Mallorca"]
[Date "2008.10.16"]
[Round "7.9"]
[White "Lacrosse, Marc"]
[Black "Avila Jimenez, Javier"]
[Result "1-0"]
[WhiteElo "2181"]
[BlackElo "2217"]
[PlyCount "61"]
[EventDate "2008.10.10"]
[EventType "swiss"]
[EventRounds "9"]
[EventCountry "ESP"]

1. d4 Nf6 2. Nf3 d5 3. c4 c6 4. cxd5 cxd5 5. Nc3 Nc6 6. Bf4 Qb6 7. a3 Qxb2 8.
Na4 Qb5 9. Bd2 Nb8 10. Ne5 Bd7 11. Rc1 Na6 12. Nc3 Qb6 13. Nxd7 Kxd7 14. Qa4+
Ke6 15. g3 Ne4 16. Nxe4 dxe4 17. Qc4+ Kf6 18. Qd5 h6 19. Qxe4 e6 20. Bg2 Bd6
21. Rb1 Qd8 22. Rxb7 Nc7 23. O-O g6 24. d5 e5 25. f4 Kg7 26. fxe5 Re8 27. Bc3
Kg8 28. Qf4 Bc5+ 29. Kh1 Rf8 30. Qxh6 Nxd5 31. e6 1-0

[Event "Calvia Amateur Open"]
[Site "Mallorca"]
[Date "2008.10.16"]
[Round "7.10"]
[White "Schenk Papke, Andres"]
[Black "Hutchinson, Paul A"]
[Result "0-1"]
[WhiteElo "2088"]
[BlackElo "2213"]
[PlyCount "94"]
[EventDate "2008.10.10"]
[EventType "swiss"]
[EventRounds "9"]
[EventCountry "ESP"]

1. c4 e5 2. Nc3 Nc6 3. g3 g6 4. Bg2 Bg7 5. e3 Nge7 6. Nge2 d6 7. O-O O-O 8. a3
a5 9. Rb1 Bf5 10. d3 Qd7 11. Re1 Rfb8 12. b4 axb4 13. axb4 Nd8 14. Bb2 c6 15.
f4 Qc7 16. fxe5 dxe5 17. Ne4 Bxe4 18. Bxe4 Ne6 19. Qb3 Rd8 20. Ra1 Rxa1 21.
Bxa1 Qb6 22. Nc1 Ng5 23. Bg2 Nf5 24. c5 Qc7 25. Qc4 Qd7 26. Bc3 h5 27. h4 Ne6
28. Kh2 Nh6 29. Bh3 Re8 30. Rf1 Rd8 31. Qe4 Qe7 32. Qc4 Nc7 33. Bd2 e4 34. d4
Nd5 35. Nb3 g5 36. hxg5 Qxg5 37. Qe2 f5 38. Na5 Rd7 39. Nc4 Nf6 40. Ne5 Nfg4+
41. Bxg4 Bxe5 42. dxe5 Nxg4+ 43. Kg2 Nxe5 44. Bc3 Nf3 45. Qc4+ Rd5 46. Rh1 h4
47. Rh3 Qxe3 0-1

[Event "Calvia Amateur Open"]
[Site "Mallorca"]
[Date "2008.10.16"]
[Round "7.11"]
[White "Serra Olives, Tomas"]
[Black "Tscharotschkin, Michael"]
[Result "1/2-1/2"]
[WhiteElo "2156"]
[BlackElo "2263"]
[PlyCount "93"]
[EventDate "2008.10.10"]
[EventType "swiss"]
[EventRounds "9"]
[EventCountry "ESP"]

1. e4 d6 2. d4 f5 3. Nc3 Nf6 4. Bd3 fxe4 5. Nxe4 Nc6 6. Nf3 Bg4 7. c3 e5 8. O-O
Nxe4 9. Bxe4 d5 10. Bc2 e4 11. h3 h5 12. hxg4 hxg4 13. Nh2 Qh4 14. Bf4 Bd6 15.
Qxg4 Qxg4 16. Nxg4 Bxf4 17. g3 Bd6 18. Ne3 Ne7 19. c4 c6 20. cxd5 cxd5 21. Bb3
Rh5 22. Kg2 O-O-O 23. Rh1 Rg5 24. Rh7 Bf4 25. Rc1+ Kb8 26. Rc3 Bxe3 27. fxe3
Rf8 28. Bd1 a6 29. Rh5 Rxh5 30. Bxh5 Rc8 31. Rb3 Rc2+ 32. Kh3 Rd2 33. Bf7 Kc7
34. a4 g6 35. a5 Rd3 36. Rc3+ Kd6 37. Kg4 Rd2 38. Rb3 Rd3 39. Rc3 Nc6 40. Rxd3
exd3 41. Bxg6 d2 42. Bc2 Nxa5 43. Kf3 Ke6 44. Ke2 Kf6 45. b3 Kg5 46. Kxd2 Kf6
47. Kc3 1/2-1/2

[Event "Calvia Amateur Open"]
[Site "Mallorca"]
[Date "2008.10.16"]
[Round "7.12"]
[White "Castell Cantero, Salvador"]
[Black "Fruebing, Thomas"]
[Result "0-1"]
[WhiteElo "2025"]
[BlackElo "2241"]
[PlyCount "110"]
[EventDate "2008.10.10"]
[EventType "swiss"]
[EventRounds "9"]
[EventCountry "ESP"]

1. d4 e6 2. c4 b6 3. Nc3 Bb4 4. e3 Bb7 5. Nf3 Nf6 6. Be2 Ne4 7. Qc2 O-O 8. O-O
Bxc3 9. bxc3 d6 10. Bd3 f5 11. Nd2 Nxd2 12. Bxd2 Qf6 13. f3 Nd7 14. Rae1 e5 15.
Bc1 Qg6 16. Qe2 Rae8 17. e4 fxe4 18. Bxe4 Bxe4 19. Qxe4 Qxe4 20. fxe4 Rxf1+ 21.
Kxf1 Nf6 22. Bg5 Kf7 23. Bxf6 gxf6 24. Kf2 Ke6 25. d5+ Kf7 26. g4 Kg6 27. Kg3
Rh8 28. Rf1 Rc8 29. Rc1 c6 30. a3 cxd5 31. cxd5 Rc4 32. Kf3 Kg5 33. h3 Ra4 34.
Ra1 b5 35. Ke3 a5 36. Kd3 b4 37. c4 bxa3 38. Kc3 Kf4 39. Kb3 Rb4+ 40. Kc3 Kxe4
41. Rxa3 Kf3 42. Rxa5 Rb7 43. Ra6 Rd7 44. Kd3 e4+ 45. Kd4 e3 46. c5 e2 47. Ra3+
Kf2 48. Ra2 Kf1 49. Ra1+ e1=Q 50. Rxe1+ Kxe1 51. c6 Rc7 52. Kc4 Ke2 53. h4 Ke3
54. Kb5 Kd4 55. Kb6 Re7 0-1

[Event "Calvia Amateur Open"]
[Site "Mallorca"]
[Date "2008.10.16"]
[Round "7.13"]
[White "Martinez Vicario, Jose Maria"]
[Black "Persson, Stellan"]
[Result "1-0"]
[WhiteElo "2214"]
[BlackElo "2133"]
[PlyCount "51"]
[EventDate "2008.10.10"]
[EventType "swiss"]
[EventRounds "9"]
[EventCountry "ESP"]

1. e4 d5 2. exd5 Nf6 3. d4 Nxd5 4. g3 c6 5. Bg2 Bf5 6. Ne2 e6 7. a3 a5 8. c4
Nf6 9. O-O Be4 10. f3 Bxb1 11. Rxb1 Nbd7 12. Bg5 Be7 13. Qd3 O-O 14. Rbd1 Qb6
15. Qc2 Rad8 16. Kh1 Qc7 17. Be3 Nb6 18. f4 c5 19. b3 Ng4 20. Bg1 f5 21. Nc3
Qc8 22. d5 exd5 23. Nxd5 Nxd5 24. Rxd5 g6 25. Re1 Nf6 26. Rxe7 1-0

[Event "Calvia Amateur Open"]
[Site "Mallorca"]
[Date "2008.10.16"]
[Round "7.14"]
[White "Eppinger, Georg"]
[Black "Fabregas Fontanet, Antonio"]
[Result "1-0"]
[WhiteElo "2210"]
[BlackElo "2069"]
[PlyCount "102"]
[EventDate "2008.10.10"]
[EventType "swiss"]
[EventRounds "9"]
[EventCountry "ESP"]

1. e4 g6 2. d4 Bg7 3. Nc3 d6 4. Be3 Nf6 5. f3 c6 6. Qd2 Nbd7 7. Bd3 Qa5 8. Nge2
h5 9. O-O O-O 10. Bh6 e5 11. Bxg7 Kxg7 12. dxe5 dxe5 13. f4 Ng4 14. Qe1 Nc5 15.
f5 Nxd3 16. cxd3 Ne3 17. Qh4 Nxf1 18. Rxf1 Qd8 19. f6+ Kh7 20. Ng3 Rh8 21. Qg5
Qd4+ 22. Kh1 Bg4 23. Nf5 Bxf5 24. exf5 Rag8 25. Rf3 Qg4 26. fxg6+ Rxg6 27. Qd2
Rhg8 28. Qd1 Rd8 29. Ne4 Qh4 30. Rf5 Qg4 31. Rxh5+ Kg8 32. Qxg4 Rxg4 33. Rxe5
Kf8 34. g3 Rxd3 35. Nf2 Rgd4 36. Nxd3 Rxd3 37. Re2 Rd6 38. Rf2 c5 39. h4 Kg8
40. Kg2 Kh7 41. g4 Kg6 42. Kg3 Rxf6 43. h5+ Kg7 44. Rxf6 Kxf6 45. Kf4 b5 46.
g5+ Kg7 47. Kf5 c4 48. h6+ Kh7 49. Kf6 b4 50. Kxf7 c3 51. bxc3 bxc3 1-0

[Event "Calvia Amateur Open"]
[Site "Mallorca"]
[Date "2008.10.16"]
[Round "7.15"]
[White "Mack, Wolfgang"]
[Black "Segui Patino, Javier"]
[Result "1-0"]
[WhiteElo "2185"]
[BlackElo "2035"]
[PlyCount "162"]
[EventDate "2008.10.10"]
[EventType "swiss"]
[EventRounds "9"]
[EventCountry "ESP"]

1. d4 Nf6 2. g3 e6 3. Bg2 c5 4. Nf3 cxd4 5. Nxd4 d5 6. O-O Nc6 7. c4 Bc5 8. Nb3
Be7 9. cxd5 exd5 10. Nc3 Be6 11. Nd4 O-O 12. b3 Qa5 13. Bb2 Rad8 14. Ncb5 Bg4
15. h3 Bh5 16. Nxc6 bxc6 17. Nd4 Rc8 18. a3 Bg6 19. b4 Qb6 20. Nb3 Ne4 21. Bd4
Qa6 22. e3 Rfd8 23. Qc1 Qa4 24. Qb2 Bf6 25. Bxf6 Nxf6 26. Rfc1 Ne4 27. Nc5 Nxc5
28. Rxc5 Qa6 29. Rac1 Bd3 30. Qc3 Bc4 31. Bf1 Bxf1 32. Rxf1 h6 33. Rc1 Rf8 34.
b5 Qa4 35. bxc6 Qe4 36. Qc2 Qe6 37. Kg2 Rc7 38. Qd3 Rfc8 39. Qb5 d4 40. Re5 Qf6
41. exd4 Rxc6 42. Rxc6 Qxc6+ 43. Qxc6 Rxc6 44. Ra5 Rd6 45. d5 a6 46. Kf3 Kf8
47. Rc5 Rb6 48. Ke4 Rb3 49. d6 Ke8 50. Ra5 Rb6 51. Re5+ Kd8 52. Re7 Rxd6 53.
Rxf7 Rg6 54. Kf5 Rg5+ 55. Kf4 Ke8 56. Rf5 Rg6 57. a4 Rc6 58. Kg4 Rc4+ 59. Rf4
Rc5 60. Kf3 Ke7 61. Ke4 Ke6 62. Kd4 Rc2 63. Kd3 Rc5 64. h4 Rc6 65. h5 Rc5 66.
Rc4 Rd5+ 67. Kc3 a5 68. g4 Kf6 69. Rc6+ Kg5 70. Rg6+ Kf4 71. Rxg7 Re5 72. Rg6
Re4 73. Kb3 Kf3 74. g5 Re5 75. Rf6+ Kg4 76. gxh6 Rxh5 77. f4 Rh1 78. Kc4 Rh4
79. Kd4 Kg3 80. Ke4 Kf2 81. Rg6 Rh5 1-0

[Event "Calvia Amateur Open"]
[Site "Mallorca"]
[Date "2008.10.17"]
[Round "8.1"]
[White "Barcelo Pujadas, Pedro Jose"]
[Black "Scherer, Helmut"]
[Result "1-0"]
[WhiteElo "2269"]
[BlackElo "2299"]
[PlyCount "94"]
[EventDate "2008.10.10"]
[EventType "swiss"]
[EventRounds "9"]
[EventCountry "ESP"]

1. d4 Nf6 2. Nf3 e6 3. g3 b5 4. Bg2 Bb7 5. O-O c5 6. c3 Qb6 7. a4 a6 8. Nbd2 d6
9. Re1 d5 10. Nb3 c4 11. Nbd2 Nbd7 12. e4 dxe4 13. Ng5 Be7 14. Ndxe4 O-O 15.
Be3 Bd5 16. Qc2 Qc6 17. Nxf6+ Nxf6 18. Bxd5 Qxd5 19. Bf4 Rfe8 20. Be5 g6 21.
Ne4 Nd7 22. Bf4 f5 23. Ng5 e5 24. dxe5 Bxg5 25. Rad1 Qb7 26. e6 Bxf4 27. Rxd7
Qxd7 28. exd7 Rxe1+ 29. Kg2 Bg5 30. f4 Bf6 31. Qd2 Rd8 32. Qxe1 Kf7 33. Qd2 Ke7
34. axb5 axb5 35. Qe3+ Kf7 36. Qa7 b4 37. Qc7 bxc3 38. bxc3 Ke7 39. Qxc4 Rxd7
40. Kf3 Kd6 41. Qa6+ Ke7 42. c4 Bd4 43. Qa3+ Ke6 44. Qf8 Bg1 45. h4 Bd4 46.
Qe8+ Kd6 47. h5 Bf6 1-0

[Event "Calvia Amateur Open"]
[Site "Mallorca"]
[Date "2008.10.17"]
[Round "8.2"]
[White "Ehsan, Ali"]
[Black "Spence, David J"]
[Result "1/2-1/2"]
[WhiteElo "2241"]
[BlackElo "2214"]
[PlyCount "57"]
[EventDate "2008.10.10"]
[EventType "swiss"]
[EventRounds "9"]
[EventCountry "ESP"]

1. e4 e6 2. d3 d5 3. Nd2 Nf6 4. g3 c5 5. Bg2 Be7 6. Ngf3 Nc6 7. O-O O-O 8. e5
Nd7 9. Re1 b5 10. Nf1 a5 11. h4 b4 12. Bf4 a4 13. N1h2 Ba6 14. Ng5 Qe8 15. Ng4
a3 16. bxa3 bxa3 17. h5 Qd8 18. Nf3 Nd4 19. Rb1 Rb8 20. Rxb8 Nxf3+ 21. Qxf3
Nxb8 22. h6 g6 23. Qe3 Nc6 24. Rb1 g5 25. Bxg5 Bxg5 26. Qxc5 Qc8 27. Qxa3 Bb7
28. c4 dxc4 29. dxc4 1/2-1/2

[Event "Calvia Amateur Open"]
[Site "Mallorca"]
[Date "2008.10.17"]
[Round "8.3"]
[White "Andersen, Mads"]
[Black "Eriksson, Jorgen"]
[Result "1-0"]
[WhiteElo "2156"]
[BlackElo "2217"]
[PlyCount "41"]
[EventDate "2008.10.10"]
[EventType "swiss"]
[EventRounds "9"]
[EventCountry "ESP"]

1. e4 e6 2. d4 d5 3. Nc3 Bb4 4. e5 Ne7 5. a3 Bxc3+ 6. bxc3 b6 7. Qg4 Nf5 8. Bd3
h5 9. Qh3 c5 10. Nf3 cxd4 11. cxd4 Qc7 12. O-O Ba6 13. Bxf5 Bxf1 14. Bxe6 Bc4
15. Bxf7+ Kxf7 16. Ng5+ Kg8 17. Qe6+ Kf8 18. Qg6 Qe7 19. a4 Rh6 20. Nh7+ Rxh7
21. Ba3 1-0

[Event "Calvia Amateur Open"]
[Site "Mallorca"]
[Date "2008.10.17"]
[Round "8.4"]
[White "Walton, Alan J"]
[Black "Garcia Del Rey, Senen"]
[Result "1/2-1/2"]
[WhiteElo "2193"]
[BlackElo "2295"]
[PlyCount "70"]
[EventDate "2008.10.10"]
[EventType "swiss"]
[EventRounds "9"]
[EventCountry "ESP"]

1. d4 d6 2. e4 Nf6 3. Nc3 c6 4. Bg5 Nbd7 5. f4 Qa5 6. Qd2 e5 7. Nf3 Be7 8. Be2
h6 9. Bxf6 Bxf6 10. O-O-O O-O 11. g4 exd4 12. Nxd4 c5 13. Nf5 Bxc3 14. Qxc3
Qxc3 15. bxc3 Nf6 16. Bf3 Bxf5 17. exf5 d5 18. g5 hxg5 19. fxg5 Ne4 20. Rxd5
Nxg5 21. Bg2 Rfe8 22. Rxc5 Rac8 23. Rxc8 Rxc8 24. Bxb7 Rxc3 25. h4 Nh7 26. h5
Nf6 27. h6 Rc5 28. Rg1 Rxf5 29. Rxg7+ Kf8 30. Ba6 Ng8 31. Bc4 Nxh6 32. Rh7 Rf6
33. Rh8+ Ng8 34. Rh5 Rc6 35. Bd3 Rc7 1/2-1/2

[Event "Calvia Amateur Open"]
[Site "Mallorca"]
[Date "2008.10.17"]
[Round "8.5"]
[White "Galiana Salom, Juan Ramon"]
[Black "Gaya Llodra, Juan"]
[Result "0-1"]
[WhiteElo "2223"]
[BlackElo "2257"]
[PlyCount "42"]
[EventDate "2008.10.10"]
[EventType "swiss"]
[EventRounds "9"]
[EventCountry "ESP"]

1. e4 e6 2. d4 d5 3. Nd2 Nf6 4. e5 Nfd7 5. c3 c5 6. Bd3 Nc6 7. Ngf3 Be7 8. O-O
g5 9. b3 g4 10. Ne1 h5 11. Bb2 cxd4 12. cxd4 Qb6 13. Nc2 a5 14. Qe2 a4 15. Bc3
Qc7 16. Bb5 Na7 17. Bxd7+ Bxd7 18. Qe3 Rc8 19. Nb1 Nb5 20. Rc1 Nxc3 21. Nba3
Bxa3 0-1

[Event "Calvia Amateur Open"]
[Site "Mallorca"]
[Date "2008.10.17"]
[Round "8.6"]
[White "Lopez Colon, Francisco"]
[Black "Lacrosse, Marc"]
[Result "1-0"]
[WhiteElo "2249"]
[BlackElo "2181"]
[PlyCount "90"]
[EventDate "2008.10.10"]
[EventType "swiss"]
[EventRounds "9"]
[EventCountry "ESP"]

1. d4 d5 2. c4 e6 3. Nc3 Nf6 4. Bg5 c6 5. e3 Nbd7 6. Nf3 Qa5 7. Bxf6 Nxf6 8.
Nd2 Bb4 9. Qb3 O-O 10. Be2 Be7 11. O-O Rd8 12. Rfd1 Qc7 13. Rac1 dxc4 14. Nxc4
Bd7 15. Ne5 Be8 16. Bf3 Rac8 17. Ne4 Nxe4 18. Bxe4 Bd6 19. f4 Qe7 20. a3 f6 21.
Nd3 Bf7 22. Qc2 g6 23. Qa4 Bb8 24. b4 Kg7 25. Nc5 e5 26. dxe5 fxe5 27. f5 gxf5
28. Bxf5 Rxd1+ 29. Rxd1 Rd8 30. Rxd8 Qxd8 31. Qc2 Qg5 32. Qf2 b6 33. Ne4 Qe7
34. Qg3+ Bg6 35. h4 Kf7 36. Ng5+ Ke8 37. Qg4 c5 38. Bxg6+ hxg6 39. Qc8+ Qd8 40.
Qe6+ Qe7 41. Qxg6+ Kd7 42. b5 Bd6 43. Qe4 Ke8 44. Qa8+ Qd8 45. Qxd8+ Kxd8 1-0

[Event "Calvia Amateur Open"]
[Site "Mallorca"]
[Date "2008.10.17"]
[Round "8.7"]
[White "Hutchinson, Paul A"]
[Black "Hoenick, Andreas"]
[Result "1-0"]
[WhiteElo "2213"]
[BlackElo "2172"]
[PlyCount "43"]
[EventDate "2008.10.10"]
[EventType "swiss"]
[EventRounds "9"]
[EventCountry "ESP"]

1. e4 e6 2. d3 d5 3. Nd2 c5 4. Ngf3 Nc6 5. g3 Nf6 6. Bg2 Be7 7. O-O O-O 8. Re1
b6 9. e5 Ne8 10. Nf1 a5 11. h4 Ba6 12. Ng5 Ra7 13. Bf4 b5 14. Ne3 c4 15. d4 b4
16. c3 a4 17. Qxa4 b3 18. Qxc6 Bb7 19. Qb5 Qa8 20. Nxc4 dxc4 21. Bxb7 Rxb7 22.
Qxc4 1-0

[Event "Calvia Amateur Open"]
[Site "Mallorca"]
[Date "2008.10.17"]
[Round "8.8"]
[White "Massanet Massanet, Sebastian"]
[Black "Mack, Wolfgang"]
[Result "1/2-1/2"]
[WhiteElo "2299"]
[BlackElo "2185"]
[PlyCount "93"]
[EventDate "2008.10.10"]
[EventType "swiss"]
[EventRounds "9"]
[EventCountry "ESP"]

1. e4 g6 2. d4 Bg7 3. Nc3 d6 4. f4 a6 5. Be3 b5 6. Be2 Bb7 7. Bf3 Qc8 8. e5 Nh6
9. Bxb7 Qxb7 10. Qf3 Qxf3 11. Nxf3 e6 12. Ne4 d5 13. Nc5 Nf5 14. Bf2 Nd7 15.
Nd3 h5 16. Kd2 Nb6 17. b3 Bf8 18. h3 h4 19. Nc5 Nd7 20. Nxd7 Kxd7 21. a4 Be7
22. Ne1 Kc6 23. Nf3 Kb6 24. Kd3 Rhg8 25. c4 c6 26. Ra2 bxc4+ 27. bxc4 Rab8 28.
Rc1 Rb7 29. Rb2+ Ka7 30. Rxb7+ Kxb7 31. cxd5 cxd5 32. Be1 Rc8 33. Rb1+ Ka7 34.
Ba5 Rc4 35. Bb6+ Ka8 36. a5 Rc6 37. Rb2 Rc8 38. Nd2 Rc1 39. Nb3 Rc4 40. Nd2 Rc1
41. Nb1 Rc4 42. Nc3 Rb4 43. Ra2 Rb3 44. Kc2 Rb4 45. Kd3 Rb3 46. Kc2 Rb4 47. Kd3
1/2-1/2

[Event "Calvia Amateur Open"]
[Site "Mallorca"]
[Date "2008.10.17"]
[Round "8.9"]
[White "Fruebing, Thomas"]
[Black "Planas Gene, Juan"]
[Result "1-0"]
[WhiteElo "2241"]
[BlackElo "2184"]
[PlyCount "69"]
[EventDate "2008.10.10"]
[EventType "swiss"]
[EventRounds "9"]
[EventCountry "ESP"]

1. e4 e5 2. Bc4 Nf6 3. Qe2 Nc6 4. Nf3 Be7 5. c3 d6 6. h3 Na5 7. Bb5+ c6 8. Ba4
b5 9. Bc2 Qc7 10. a4 bxa4 11. Bxa4 Be6 12. d3 Bb3 13. Nbd2 Rb8 14. O-O O-O 15.
Qe3 c5 16. Bxb3 Nxb3 17. Nxb3 Rxb3 18. Nd2 Rb7 19. Nc4 Nd7 20. Qg3 Bf6 21. Ra6
Nb6 22. Ne3 g6 23. f4 exf4 24. Qxf4 Be5 25. Qf3 Qe7 26. Bd2 Rd8 27. Ra2 Qe6 28.
Rfa1 Rdd7 29. Ra5 d5 30. exd5 Nxd5 31. Nc4 Rbc7 32. Ra6 Qe7 33. Nxe5 Qxe5 34.
Re1 Qf5 35. Re8+ 1-0

[Event "Calvia Amateur Open"]
[Site "Mallorca"]
[Date "2008.10.17"]
[Round "8.10"]
[White "Martinez Vicario, Jose Maria"]
[Black "Eriksson 1941, Bo"]
[Result "0-1"]
[WhiteElo "2214"]
[BlackElo "2115"]
[PlyCount "73"]
[EventDate "2008.10.10"]
[EventType "swiss"]
[EventRounds "9"]
[EventCountry "ESP"]

1. e4 c5 2. Nc3 Nc6 3. g3 g6 4. Bg2 Bg7 5. d3 e6 6. Be3 Nd4 7. Qd2 Ne7 8. Nd1
e5 9. c3 Ne6 10. Nh3 d5 11. Ng5 Nxg5 12. Bxg5 dxe4 13. Bxe4 f6 14. Be3 Qc7 15.
f4 Bf5 16. Nf2 O-O 17. fxe5 fxe5 18. O-O-O Be6 19. h4 Nf5 20. g4 Nxe3 21. Qxe3
Qf7 22. Rd2 Qf4 23. Qxc5 Bxg4 24. Nxg4 Qxg4 25. Bxb7 Rad8 26. Kc2 Qa4+ 27. Kb1
Rf4 28. h5 gxh5 29. Bc6 Qa6 30. Rxh5 Rf1+ 31. Kc2 Qxa2 32. Bb5 Qb1+ 33. Kb3 Rb8
34. Qd5+ Rf7 35. Qc4 a6 36. Qe6 Rxb5+ 37. Kc4 0-1

[Event "Calvia Amateur Open"]
[Site "Mallorca"]
[Date "2008.10.17"]
[Round "8.11"]
[White "Cortes, Eduardo"]
[Black "Eppinger, Georg"]
[Result "1/2-1/2"]
[WhiteElo "2093"]
[BlackElo "2210"]
[PlyCount "28"]
[EventDate "2008.10.10"]
[EventType "swiss"]
[EventRounds "9"]
[EventCountry "ESP"]

1. e4 c5 2. d4 cxd4 3. Nf3 Nc6 4. Nxd4 Nf6 5. Nc3 d6 6. Bg5 e6 7. Qd2 Be7 8.
O-O-O O-O 9. Ndb5 Qa5 10. Bxf6 Bxf6 11. a4 Rd8 12. Nxd6 e5 13. Bc4 Be6 14. Bxe6
fxe6 {irreproducible} 1/2-1/2

[Event "Calvia Amateur Open"]
[Site "Mallorca"]
[Date "2008.10.17"]
[Round "8.12"]
[White "Avila Jimenez, Javier"]
[Black "Schuermans, Robert"]
[Result "1-0"]
[WhiteElo "2217"]
[BlackElo "2128"]
[PlyCount "85"]
[EventDate "2008.10.10"]
[EventType "swiss"]
[EventRounds "9"]
[EventCountry "ESP"]

1. d4 d5 2. c4 Nc6 3. cxd5 Qxd5 4. e3 e5 5. Nc3 Bb4 6. Bd2 Bxc3 7. Bxc3 exd4 8.
Ne2 Nf6 9. Nxd4 Qg5 10. Nxc6 bxc6 11. Qf3 Nd5 12. Bd4 Qe7 13. Rc1 Qb4+ 14. Bc3
Qa4 15. Bxg7 Rg8 16. Bd4 Be6 17. Bd3 O-O-O 18. O-O Rg5 19. b3 Qa3 20. Bc5 Qb2
21. Ba6+ Kb8 22. Bd4 Qa3 23. Rxc6 Bd7 24. Rh6 Bg4 25. Qxf7 Rf8 26. Bb2 Qc5 27.
Rc6 Qb4 28. a3 Rxf7 29. axb4 Nxb4 30. Bc4 Bf3 31. g3 Rd7 32. Rf6 Be4 33. Bd4
Nc6 34. Ba6 Rg8 35. Bc3 Rdd8 36. f3 Bd5 37. e4 Ne7 38. exd5 Nxd5 39. Rc6 Rge8
40. Bf6 Rd7 41. Bc4 Ne3 42. Re1 h6 43. Re6 1-0

[Event "Calvia Amateur Open"]
[Site "Mallorca"]
[Date "2008.10.17"]
[Round "8.13"]
[White "Tscharotschkin, Michael"]
[Black "Alvarez Morales, Miguel"]
[Result "1/2-1/2"]
[WhiteElo "2263"]
[BlackElo "2009"]
[PlyCount "77"]
[EventDate "2008.10.10"]
[EventType "swiss"]
[EventRounds "9"]
[EventCountry "ESP"]

1. Nf3 Nf6 2. d4 e6 3. c4 c5 4. e3 d5 5. cxd5 exd5 6. Nc3 Nc6 7. Be2 Bd6 8.
dxc5 Bxc5 9. O-O O-O 10. b3 a6 11. Bb2 Re8 12. Na4 Be7 13. Rc1 b5 14. Nc5 Qb6
15. Nd3 Be6 16. Nf4 Rad8 17. Nd4 Nxd4 18. Bxd4 Qa5 19. Nxe6 fxe6 20. Rc6 Rd6
21. Rxd6 Bxd6 22. Qc2 e5 23. Bb2 Kf7 24. a4 bxa4 25. bxa4 Rb8 26. g3 Qc7 27.
Rc1 Qxc2 28. Rxc2 a5 29. Bb5 Rb7 30. Rc6 Ke7 31. f4 exf4 32. exf4 Ne8 33. Ra6
Bb4 34. Bd4 Nc7 35. Bc6 Nxa6 36. Bxb7 Bc5 37. Bxc5+ Nxc5 38. Bxd5 Nxa4 39. Bg8
1/2-1/2

[Event "Calvia Amateur Open"]
[Site "Mallorca"]
[Date "2008.10.17"]
[Round "8.14"]
[White "Mercant Simon, Jaime"]
[Black "Anibal, Joaquim"]
[Result "1/2-1/2"]
[WhiteElo "2029"]
[BlackElo "2167"]
[PlyCount "98"]
[EventDate "2008.10.10"]
[EventType "swiss"]
[EventRounds "9"]
[EventCountry "ESP"]

1. e4 c5 2. Nf3 Nc6 3. d4 cxd4 4. Nxd4 Nf6 5. Nc3 e5 6. Ndb5 d6 7. Bg5 a6 8.
Bxf6 gxf6 9. Na3 Be6 10. Bc4 h5 11. Bd5 Bg4 12. Qd3 Qc7 13. Qc4 Qd7 14. Na4 Rb8
15. Nb6 Qc7 16. Qb3 h4 17. h3 Bh5 18. Nac4 Bh6 19. Qa3 Rd8 20. c3 O-O 21. g4
hxg3 22. fxg3 Ne7 23. Qa4 Be3 24. Nxe3 Qxb6 25. Nc4 Qc7 26. Ne3 Qc5 27. Kd2
Nxd5 28. exd5 f5 29. Raf1 Bg6 30. Qh4 e4 31. Qg5 Qb5 32. Kc1 Qd3 33. h4 f4 34.
Qxf4 Rc8 35. h5 Rxc3+ 36. bxc3 Rc8 37. c4 Rxc4+ 38. Nxc4 Qxc4+ 39. Kd1 Qd3+ 40.
Qd2 Bxh5+ 41. Rxh5 Qxf1+ 42. Kc2 Qc4+ 43. Kb2 Qb5+ 44. Kc1 Qc4+ 45. Qc2 Qf1+
46. Kb2 Qb5+ 47. Ka1 Qf1+ 48. Qb1 Qf6+ 49. Qb2 Qf1+ 1/2-1/2

[Event "Calvia Amateur Open"]
[Site "Mallorca"]
[Date "2008.10.17"]
[Round "8.15"]
[White "Luijpen, Michiel"]
[Black "Andersson, Lars"]
[Result "1-0"]
[WhiteElo "2066"]
[BlackElo "2159"]
[PlyCount "83"]
[EventDate "2008.10.10"]
[EventType "swiss"]
[EventRounds "9"]
[EventCountry "ESP"]

1. e4 d6 2. d4 Nf6 3. Nc3 g6 4. f4 Bg7 5. Nf3 O-O 6. Bd3 Na6 7. O-O c5 8. d5
Bg4 9. Kh1 Nc7 10. a4 e6 11. dxe6 fxe6 12. h3 Bxf3 13. Qxf3 d5 14. f5 Nd7 15.
Qg3 d4 16. Bg5 Qc8 17. Ne2 Nf6 18. fxg6 h6 19. Bxf6 Bxf6 20. Rf3 Bg7 21. Rxf8+
Bxf8 22. Rf1 Bg7 23. Bc4 Ne8 24. Qg4 Qc6 25. Qxe6+ Qxe6 26. Bxe6+ Kh8 27. Bd5
Nf6 28. Nf4 Nxd5 29. exd5 Rf8 30. b3 Kg8 31. g3 Rd8 32. Re1 Bf6 33. h4 b6 34.
Re6 Bg7 35. Kg2 Kf8 36. Kf3 Rd7 37. Kg4 Rb7 38. Rc6 Be5 39. Kf5 Bxf4 40. gxf4
Kg7 41. d6 Rb8 42. Rc7+ 1-0